<?xml version="1.0" encoding="UTF-8"?>
<record
    xmlns:xsi="http://www.w3.org/2001/XMLSchema-instance"
    xsi:schemaLocation="http://www.loc.gov/MARC21/slim http://www.loc.gov/standards/marcxml/schema/MARC21slim.xsd"
    xmlns="http://www.loc.gov/MARC21/slim">

  <leader>01619nam a22002897a 4500</leader>
  <controlfield tag="005">20231102151823.0</controlfield>
  <controlfield tag="008">150602s2008    mx ||||| |||| 001 0 spa d</controlfield>
  <datafield tag="020" ind1=" " ind2=" ">
    <subfield code="a">9789682482458</subfield>
  </datafield>
  <datafield tag="050" ind1=" " ind2="4">
    <subfield code="a">K5460 </subfield>
    <subfield code="b">QU55 2008</subfield>
  </datafield>
  <datafield tag="100" ind1="1" ind2=" ">
    <subfield code="a">Quintana Valtierra, Jes&#xFA;s</subfield>
    <subfield code="e">autor</subfield>
    <subfield code="9">26835</subfield>
  </datafield>
  <datafield tag="245" ind1="1" ind2="0">
    <subfield code="a">Manual de procedimientos penales</subfield>
    <subfield code="c"> / Jes&#xFA;s Quintana Valtierra, Alfonso Cabrera Morales.</subfield>
  </datafield>
  <datafield tag="250" ind1=" " ind2=" ">
    <subfield code="a">3a edici&#xF3;n</subfield>
  </datafield>
  <datafield tag="260" ind1="3" ind2=" ">
    <subfield code="a">M&#xE9;xico</subfield>
    <subfield code="b">: Trillas</subfield>
    <subfield code="c">, 2008</subfield>
  </datafield>
  <datafield tag="300" ind1=" " ind2=" ">
    <subfield code="a">232 p&#xE1;ginas.</subfield>
  </datafield>
  <datafield tag="336" ind1=" " ind2=" ">
    <subfield code="a">Texto</subfield>
  </datafield>
  <datafield tag="337" ind1=" " ind2=" ">
    <subfield code="a">Sin medio</subfield>
  </datafield>
  <datafield tag="338" ind1=" " ind2=" ">
    <subfield code="a">Volumen</subfield>
  </datafield>
  <datafield tag="500" ind1=" " ind2=" ">
    <subfield code="a">Incluye &#xED;ndice anal&#xED;tico (p. 223-232)</subfield>
  </datafield>
  <datafield tag="504" ind1=" " ind2=" ">
    <subfield code="a">Incluye bibliograf&#xED;a (pp. 221-222)</subfield>
  </datafield>
  <datafield tag="505" ind1="2" ind2=" ">
    <subfield code="a">El ministerio p&#xFA;blico: antecedentes
La funci&#xF3;n legal de la Policia Judicial como &#xF3;rgano auxiliar del ministerio p&#xFA;blico
La averiguaci&#xF3;n previa; jurisdicci&#xF3;n, capacidad y competencia del &#xF3;rgano jurisdiccional
Efinici&#xF3;n de proceso
La preparaci&#xF3;n del proceso
El auto de formal prisi&#xF3;n
La prueba, el juicio. Aclaraciones y concepto
De los recursos
De los incidentes
Incidentes de libertad
La sentencia penal
De la ejecuci&#xF3;n de la sentencia
La reforma constitucional y legal de 1996, para combatir el crimen
Principios fundamentales del juicio de amparo.</subfield>
  </datafield>
  <datafield tag="519" ind1=" " ind2=" ">
    <subfield code="a">Educaci&#xF3;n mixta</subfield>
    <subfield code="b">Criminal&#xED;stica</subfield>
    <subfield code="c">Pol&#xED;tica criminal (P19-1)</subfield>
    <subfield code="d"> (04 005220)</subfield>
  </datafield>
  <datafield tag="519" ind1=" " ind2=" ">
    <subfield code="a">Educaci&#xF3;n mixta</subfield>
    <subfield code="b">Criminal&#xED;stica</subfield>
    <subfield code="c">Derecho procesal penal (B18-3)</subfield>
    <subfield code="d">(04 006110)</subfield>
  </datafield>
  <datafield tag="650" ind1="1" ind2="4">
    <subfield code="a">PROCEDIMIENTO PENAL </subfield>
    <subfield code="x">MANUALES</subfield>
    <subfield code="9">25850</subfield>
  </datafield>
  <datafield tag="700" ind1="1" ind2=" ">
    <subfield code="a">Cabrera Morales, Alfonso</subfield>
    <subfield code="e">, coautor.</subfield>
    <subfield code="9">26836</subfield>
  </datafield>
  <datafield tag="942" ind1=" " ind2=" ">
    <subfield code="c">LB</subfield>
  </datafield>
  <datafield tag="952" ind1=" " ind2=" ">
    <subfield code="0">0</subfield>
    <subfield code="1">0</subfield>
    <subfield code="4">0</subfield>
    <subfield code="7">0</subfield>
    <subfield code="a">04</subfield>
    <subfield code="b">04</subfield>
    <subfield code="d">2015-06-02</subfield>
    <subfield code="l">2</subfield>
    <subfield code="o">K5460 QU55 2008</subfield>
    <subfield code="p">04 005220</subfield>
    <subfield code="r">2017-04-05</subfield>
    <subfield code="s">2017-04-03</subfield>
    <subfield code="t">1</subfield>
    <subfield code="w">2015-06-02</subfield>
    <subfield code="y">LB</subfield>
  </datafield>
  <datafield tag="952" ind1=" " ind2=" ">
    <subfield code="0">0</subfield>
    <subfield code="1">0</subfield>
    <subfield code="4">0</subfield>
    <subfield code="7">0</subfield>
    <subfield code="a">04</subfield>
    <subfield code="b">04</subfield>
    <subfield code="d">2016-04-09</subfield>
    <subfield code="l">2</subfield>
    <subfield code="o">K5460 QU55 2008</subfield>
    <subfield code="p">04 006110</subfield>
    <subfield code="r">2018-03-08</subfield>
    <subfield code="s">2018-03-07</subfield>
    <subfield code="t">2</subfield>
    <subfield code="w">2016-04-09</subfield>
    <subfield code="y">LB</subfield>
  </datafield>
  <datafield tag="999" ind1=" " ind2=" ">
    <subfield code="c">96715</subfield>
    <subfield code="d">96715</subfield>
  </datafield>
</record>
